College Quizbowl Stats
College Quizbowl Stats
Circuits
Seasons
Sets
Records
Detailed Stats
About
Loading...
2024 ACF Regionals @ MIT
Tossups
Bonuses
Players
Teams
Categories (Tossup)
Categories (Bonus)
Nicholas Dahlen
Tufts A
Categories
Category
Powers
Gets
Negs
BBs
Points
Earliest Buzz
Avg. Buzz
First Buzzes
Top 3 Buzzes
BPA
PVF
History - World
0
1
0
0
10
131
131.00
0
1
0.00
0.00
Philosophy
0
1
0
0
10
74
74.00
0
1
0.00
0.00
Social Science
0
1
0
0
10
98
98.00
1
1
0.00
0.00
Religion
0
0
1
0
-5
0.00
0
0
0.00
0.00
Other
0
0
2
0
-10
0.00
0
0
0.00
0.00
Buzzes
Category
Answer
Value
Buzz Position
Other
food waste
-5
66
Philosophy
Apology of Socrates
10
74
Other
The Dark Side of the Moon
-5
93
Social Science
reading
10
98
History - World
Delhi Sultanate
10
131
Religion
Daniel
-5
132
Previous
1
Next